[Event "TUN-chT"]
[Site "Hammamet"]
[Date "2019.02.10"]
[Round "3.3"]
[White "Chouchane, Mohamed"]
[Black "Ben Amor, Moez"]
[Result "1-0"]
[WhiteElo "1921"]
[BlackElo "2149"]
[PlyCount "65"]
[EventDate "2019.02.09"]
[EventType "team-tourn"]
[EventRounds "11"]
[EventCountry "TUN"]
[SourceTitle "CBM 190 Extra"]
[Source "ChessBase"]
[SourceDate "2019.07.15"]
[SourceVersion "1"]
[SourceVersionDate "2019.07.15"]
[SourceQuality "1"]
[WhiteTeam "Metouia"]
[BlackTeam "Ksour"]
[WhiteTeamCountry "TUN"]
[BlackTeamCountry "TUN"]

1. d4 Nf6 2. Nf3 d5 3. e3 e6 4. Bd3 Be7 5. 0-0 0-0 6. c4 b6 7. Nc3 Bb7 8. cxd5 exd5 9. Bd2 Nbd7 10. Ne5 Nxe5 11. dxe5 Nd7 12. f4 f6 13. Qh5 h6 14. Qg6 f5 15. Bxf5 Rxf5 16. Qxf5 Nc5 17. b4 Bc8 18. Qg6 Ne6 19. f5 Nf8 20. Qc6 d4 21. Qxa8 dxc3 22. Bxc3 Qd3 23. Qxc8 Qxc3 24. f6 gxf6 25. exf6 Bxf6 26. Qg4+ Kf7 27. Qf4 Ne6 28. Qxh6 Ke7 29. Rad1 Ng5 30. Qxf6+ Qxf6 31. Rxf6 Kxf6 32. Rd7 Ne6 33. b5 1-0

[Event "Ariana Ramadan op U2200"]
[Site "Ariana"]
[Date "2018.06.01"]
[Round "6"]
[White "Bamri, Salim"]
[Black "Chouchane, Mohamed"]
[Result "0-1"]
[WhiteElo "1427"]
[BlackElo "1924"]
[PlyCount "88"]
[EventDate "2018.05.27"]
[EventType "swiss"]
[EventRounds "9"]
[EventCountry "TUN"]
[SourceTitle "EXT 2019"]
[Source "ChessBase"]
[SourceDate "2018.10.10"]
[SourceVersion "1"]
[SourceVersionDate "2018.10.10"]
[SourceQuality "1"]

1. e4 e5 2. Nf3 Nc6 3. Bc4 Be7 4. d4 d6 5. dxe5 dxe5 6. 0-0 Nf6 7. Nc3 0-0 8. Qxd8 Rxd8 9. Nd5 Nxd5 10. Bxd5 Nb4 11. Bb3 Bf6 12. Bg5 Bg4 13. Bxf6 gxf6 14. Nh4 Rd2 15. f3 Be6 16. Rfd1 Rad8 17. Rxd2 Rxd2 18. c3 Nd3 19. Bxe6 fxe6 20. b3 Rc2 21. c4 Rc1+ 22. Rxc1 Nxc1 23. g3 Nxa2 24. Ng2 a5 25. Kf1 Nc1 26. b4 Nb3 27. Ne3 axb4 28. Ke1 Kf7 29. f4 exf4 30. gxf4 Nd4 31. Kd1 Ke7 32. f5 exf5 33. Nd5+ Kd6 34. Nxf6 Ke5 35. Nxh7 fxe4 36. Ng5 e3 37. Nh3 Ke4 38. Ng1 Kd3 39. h4 e2+ 40. Nxe2 Nxe2 41. h5 b3 42. h6 b2 43. Ke1 b1Q+ 44. Kf2 Qg1+ 0-1